| 000 | 00461nam a2200205Ia 4500 | ||
|---|---|---|---|
| 001 | 11997 | ||
| 003 | GE_BSU | ||
| 008 | 181216s||||||||xx |||||||||||||| ||und|| | ||
| 020 | _a0755300173 | ||
| 040 | _cGE_BSU | ||
| 080 | _a821.111-312.4 | ||
| 100 | _aPatterson,James. Jonce,De Peter | ||
| 245 | 4 | _aThe beach house | |
| 260 | _aGreat Britain. | ||
| 260 | _bHeadline | ||
| 260 | _c2002. | ||
| 300 | _a388p;18cm. | ||
| 653 | _aThe beach house | ||
| 942 | _cBK | ||
| 999 |
_c45174 _d45174 |
||